000
00206 a2200097 4500
001
20505
100
_a
Kostenko M
245
_a
Electrical Machines
260
_a
_b
Mir Publishers
_c
090
_c
14902
_d
14902
942
_a
NUST-CAE
_c
M
_c
5450
999
_c
255578
_d
255578